Statistiken für Schnelle Mathematik - Zahlen Level 13

Klicken Sie hier um das Quiz zu spielen!

Allgemein

  • Dieses Quiz wurde 122 mal gespielt
  • Das Durchschnittsergebnis liegt bei 25 aus 50

Antwortstatistiken

Nummer% Korrekt
1
100%
2
100%
3
100%
4
100%
5
100%
6
100%
7
100%
8
100%
9
100%
10
97%
11
97%
12
97%
13
89%
14
84%
15
81%
16
81%
17
81%
18
78%
19
73%
20
59%
21
57%
22
57%
23
51%
24
51%
25
49%
26
46%
27
46%
28
46%
29
43%
30
41%
31
35%
32
30%
33
30%
34
27%
35
22%
36
16%
37
16%
38
16%
39
11%
40
5%
41
3%
42
3%
43
3%
44
3%
45
3%
46
3%
47
3%
48
3%
49
3%
50
3%

Verteilung der Resultate

Perzentil nach korrekt beantworteten Fragen

Anzahl Personen mit jedem Resultat

Ihre Resultats-Entwicklung

Sie haben dieses Quiz noch nicht gespielt